| 000 | 00836nam a2200277 i 4500 | ||
|---|---|---|---|
| 003 | DO-SdBNP | ||
| 005 | 20240410100656.0 | ||
| 006 | a||||gr|||| 00| 0 | ||
| 007 | ta | ||
| 008 | 230519t2023 dr |||gr|||| 001 e spa d | ||
| 020 | _a9789945635140 | ||
| 040 |
_aDO-SdBNP _bspa _cBNPHU _erda |
||
| 082 | 4 |
_bG215h, 2023 _222 |
|
| 100 | 1 |
_aGarcía Matos, Samuel _985174 |
|
| 245 | 1 | 0 |
_aLos hijos de Dios y los hijos del diablo / _cSamuel García Matos. |
| 250 | _aSegunda edición | ||
| 264 | 1 | 0 |
_aSanto Domingo : _bEditorial Santuario, _c2023. |
| 300 |
_a189 páginas ; _b23 cm. |
||
| 336 |
_2rdacontent _atexto _btxt |
||
| 337 |
_2rdamedia _asin mediación _bn |
||
| 338 |
_2rdacarrier _avolumen _bnc |
||
| 500 | _aToda persona sensata debe leer este libro | ||
| 590 | _aInventariado 2024 /LP | ||
| 910 | _aLP | ||
| 942 |
_2ddc _cLBS1 |
||
| 999 |
_c56317 _d56317 |
||